Statistics for Tottenham Hotspur Squad 2012/13 Season

Click here to take the quiz!

General Stats

  • This quiz has been taken 1,060 times
  • The average score is 13 of 23

Answer Stats

HintAnswer% Correct
MIDBale
87%
GKLloris
87%
STDefoe
85%
DEFWalker
80%
GKFriedel
75%
DEFDawson
73%
STAdebayor
72%
MIDLennon
71%
GKGomes
69%
DEFVertonghen
65%
DEFKaboul
59%
MIDDembele
55%
DEFAssou-Ekotto
54%
MIDParker
49%
MIDHuddlestone
46%
DEFNaughton
44%
MIDSandro
44%
DEFGallas
42%
GKCudicini
41%
MIDDempsey
39%
MIDSigurdsson
32%
MIDLivermore
31%
DEFCaulker
29%

Score Distribution

Percentile by Number Answered

Percent of People with Each Score

Your Score History

You have not taken this quiz